| 000 | 00506nam a2200181Ia 4500 | ||
|---|---|---|---|
| 005 | 20250603145919.0 | ||
| 008 | 250603s9999 xx 000 0 und d | ||
| 020 | _a9780199744220 | ||
| 050 | _aBF 637.C6 .O94/ | ||
| 100 | _aEdited by Carolyn Zerbe Enn & Elizabeth Nutt Williams | ||
| 245 | 4 | _aThe oxford handbook of feminist multicultural counselling psychology | |
| 260 | _aNew York | ||
| 260 | _bOxford Univeersty Perss | ||
| 260 | _c2013 | ||
| 300 | _a511 p | ||
| 650 | _aNew York | ||
| 942 | _cBK | ||
| 999 |
_c43228 _d43228 |
||